Statistical Pocketbook of Turkey 1990

Saved in:
Bibliographic Details
Format: Book
Language:English
Published: Ankara State Institute of Statistics Printing Division 1991
Edition:1. ed.
Tags: Add Tag
No Tags, Be the first to tag this record!

MARC

LEADER 00000nam a2200000 4500
001 c022455
005 20221214094913.6
041 0 |a eng 
044 |a TR 
245 1 0 |a Statistical Pocketbook of Turkey 1990 
250 |a 1. ed. 
264 1 |a Ankara  |b State Institute of Statistics Printing Division  |c 1991 
300 |a 318 s.